| 000 | 00506nam a2200181 a 4500 | ||
|---|---|---|---|
| 005 | 20240911064340.0 | ||
| 008 | 030509s1981 mx r 000 0 spa d | ||
| 020 | _a9688230677 | ||
| 035 | _aUPN01000180069 | ||
| 049 | _aCG | ||
| 050 | 4 |
_aQ175 _bP6.3a |
|
| 100 | 1 |
_aPoncairé, Henri, _d1854-1912 |
|
| 245 | 1 | 0 |
_aFilosofía de la ciencia / _cHenri Poncairé ; pról. Jean Dieudonné. |
| 260 |
_aMéxico : _bCONACYT, _cc1981. |
||
| 300 | _a283 p. | ||
| 650 | 4 |
_aCiencia _xFilosofía _94696 |
|
| 905 | _aLibro | ||
| 999 |
_c152172 _d152172 |
||